[Event "GRE-chT Div-A 38th"]
[Site "Peristeri"]
[Date "2010.07.05"]
[Round "1"]
[White "Karagiannis, Athanasios"]
[Black "Sigalas, Frangiskos"]
[Result "1/2-1/2"]
[WhiteElo "2327"]
[BlackElo "2276"]
[PlyCount "89"]
[EventDate "2010.07.05"]
[EventType "team-swiss"]
[EventRounds "7"]
[EventCountry "GRE"]
[SourceTitle "CBM 137 Extra"]
[Source "ChessBase"]
[SourceDate "2010.09.01"]
[SourceVersion "1"]
[SourceVersionDate "2010.09.01"]
[SourceQuality "1"]

1. Nf3 Nf6 2. d4 e6 3. c4 b6 4. e3 Bb7 5. Bd3 d5 6. 0-0 Bd6 7. Nbd2 0-0 8. b3 Nbd7 9. Bb2 Ne4 10. Qe2 a5 11. Rac1 f5 12. cxd5 exd5 13. Ne5 Bxe5 14. dxe5 Ndc5 15. Rfd1 Nxd3 16. Qxd3 c5 17. Nf1 Ng5 18. Ng3 Ne4 19. Nf1 Ng5 20. a3 Qd7 21. Ng3 f4 22. exf4 Rxf4 23. Nh5 Rh4 24. Ng3 Rf8 25. Qe3 Ne6 26. f3 d4 27. b4 axb4 28. axb4 Qa4 29. Qa3 Qxa3 30. Bxa3 Ra8 31. bxc5 Rxa3 32. c6 Ba6 33. c7 Rc3 34. Nf5 Rh5 35. c8Q+ Bxc8 36. Ne7+ Kf7 37. Nxc8 Rxe5 38. Nxb6 Rec5 39. Ra1 Rb5 40. Ra7+ Kg6 41. Nd7 Re3 42. Ra6 Kf7 43. Ra7 Kg6 44. Ra6 Kf7 45. Ra7 1/2-1/2

[Event "Nikaia op 16th"]
[Site "Nikaia"]
[Date "2008.09.01"]
[Round "9"]
[White "Dochev, Dimitar"]
[Black "Sigalas, Frangiskos"]
[Result "1/2-1/2"]
[WhiteElo "2428"]
[BlackElo "2242"]
[PlyCount "170"]
[EventDate "2008.08.25"]
[EventType "swiss"]
[EventRounds "9"]
[EventCountry "GRE"]
[SourceTitle "CBM 126 Extra"]
[Source "ChessBase"]
[SourceDate "2008.11.05"]
[SourceVersion "1"]
[SourceVersionDate "2008.11.05"]
[SourceQuality "1"]

1. e4 c5 2. Nf3 d6 3. d4 cxd4 4. Nxd4 Nf6 5. Nc3 a6 6. Be3 e5 7. Nf3 Be7 8. Bc4 0-0 9. 0-0 Be6 10. Bb3 Nc6 11. Qe2 Na5 12. Rfd1 Qc7 13. Bg5 Rac8 14. Rac1 Nh5 15. Qd2 Bxg5 16. Nxg5 Nxb3 17. cxb3 Qe7 18. Nxe6 fxe6 19. Qxd6 Qf6 20. Qb6 Nf4 21. Qe3 Qg6 22. Qg3 Qh5 23. Kh1 Rcd8 24. f3 Nd3 25. Rc2 Rd4 26. Rcd2 Rfd8 27. h3 Qh6 28. Nd5 exd5 29. Rxd3 dxe4 30. Rxd4 exd4 31. fxe4 Qc6 32. Qg5 Rd6 33. Rc1 Qd7 34. e5 Rg6 35. Qf4 d3 36. Qc4+ Re6 37. Rd1 b5 38. Qxd3 Qxd3 39. Rxd3 Rxe5 40. Rd6 a5 41. Ra6 b4 42. Kg1 h5 43. h4 Rf5 44. Kh2 Kf7 45. Kh3 g6 46. Rb6 Rd5 47. Ra6 Rf5 48. Kh2 Kg7 49. Rb6 g5 50. hxg5 Rxg5 51. a3 Rd5 52. axb4 axb4 53. Rxb4 Rd2 54. Rf4 Rxb2 55. b4 Rb3 56. g3 Rb2+ 57. Kh3 Kg6 58. Rc4 Kf6 59. Rd4 Kg6 60. Rd6+ Kg5 61. Rd5+ Kg6 62. Rb5 Kf6 63. Rb8 Kg5 64. b5 Kf6 65. b6 Kg6 66. Rb7 Kf6 67. Rb8 Kg6 68. g4 Rb3+ 69. Kh4 Rb4 70. b7 Kg7 71. Kxh5 Rb5+ 72. Kh4 Rb1 73. Kg3 Kh7 74. Kf4 Kg7 75. Ke5 Re1+ 76. Kf5 Rf1+ 77. Ke4 Rb1 78. g5 Kh7 79. g6+ Kg7 80. Kd5 Rd1+ 81. Kc6 Rc1+ 82. Kb5 Rb1+ 83. Ka4 Ra1+ 84. Kb3 Rb1+ 85. Kc2 Rb6 1/2-1/2

[Event "Nikaia op 16th"]
[Site "Nikaia"]
[Date "2008.08.29"]
[Round "5"]
[White "Lagoumintzi, Hristina"]
[Black "Sigalas, Frangiskos"]
[Result "0-1"]
[WhiteElo "1631"]
[BlackElo "2242"]
[PlyCount "108"]
[EventDate "2008.08.25"]
[EventType "swiss"]
[EventRounds "9"]
[EventCountry "GRE"]
[SourceTitle "CBM 126 Extra"]
[Source "ChessBase"]
[SourceDate "2008.11.05"]
[SourceVersion "1"]
[SourceVersionDate "2008.11.05"]
[SourceQuality "1"]

1. d4 Nf6 2. c4 e6 3. Nc3 Bb4 4. Bd2 d5 5. Nf3 0-0 6. g3 dxc4 7. e3 Bxc3 8. Bxc3 b5 9. Bg2 Bb7 10. 0-0 Nbd7 11. a4 a6 12. b3 Bd5 13. Nd2 Bxg2 14. Kxg2 cxb3 15. Nxb3 Nb6 16. axb5 axb5 17. Nc5 Rxa1 18. Qxa1 Qd5+ 19. Kg1 Ra8 20. Qb1 c6 21. Qb3 Qxb3 22. Nxb3 Ra3 23. Rb1 Nc4 24. Bb4 Ra2 25. Ra1 Rxa1+ 26. Nxa1 Nd5 27. Bc5 f5 28. Nc2 Kf7 29. Kf1 g5 30. h3 h5 31. Ke2 Nc3+ 32. Kf3 g4+ 33. Kg2 Ke8 34. Nb4 Kd7 35. Nd3 Nd5 36. h4 Kc7 37. Kf1 Kd7 38. Ke1 Ke8 39. Ke2 Kf7 40. Kf1 Kf6 41. Ke2 Kf7 42. Kd1 Ke8 43. Kc2 Kd7 44. Kc1 Nd6 45. Kd1 Ne4 46. Ba3 b4 47. Nxb4 Nxf2+ 48. Ke1 Ne4 49. Nxd5 exd5 50. Bf8 Nxg3 51. Kf2 f4 52. Bh6 Ne4+ 53. Kf1 f3 54. Bf4 g3 0-1

[Event "Athens Acropolis op"]
[Site "Athens"]
[Date "2008.08.09"]
[Round "1"]
[White "Rakhmanov, Alexander"]
[Black "Sigalas, Frangiskos"]
[Result "1-0"]
[WhiteElo "2489"]
[BlackElo "2242"]
[PlyCount "67"]
[EventDate "2008.08.09"]
[EventType "swiss"]
[EventRounds "9"]
[EventCountry "GRE"]
[SourceTitle "CBM 125 Extra"]
[Source "ChessBase"]
[SourceDate "2008.09.01"]
[SourceVersion "1"]
[SourceVersionDate "2008.09.01"]
[SourceQuality "1"]

1. d4 Nf6 2. c4 e6 3. Nc3 Bb4 4. e3 b6 5. Bd3 Bb7 6. f3 c5 7. Nge2 cxd4 8. exd4 0-0 9. 0-0 d5 10. a3 Be7 11. cxd5 Nxd5 12. Bc2 Nc6 13. Qd3 g6 14. Bh6 Re8 15. Ba4 Rc8 16. Ne4 f5 17. N4c3 Bf6 18. Kh1 Re7 19. Rad1 Nxc3 20. bxc3 Na5 21. Bb5 Bd5 22. Bc1 Bc4 23. Bxc4 Nxc4 24. g4 Qd6 25. Rg1 Kh8 26. gxf5 exf5 27. Nf4 b5 28. Rxg6 hxg6 29. Nxg6+ Kg7 30. Nxe7 Qxe7 31. Qxf5 Rg8 32. Qxb5 Nd6 33. Qh5 Qf7 34. Qh6# 1-0

[Event "Paleochora op 1st"]
[Site "Paleochora"]
[Date "2008.07.22"]
[Round "3"]
[White "Sigalas, Frangiskos"]
[Black "Siebrecht, Sebastian"]
[Result "0-1"]
[WhiteElo "2242"]
[BlackElo "2453"]
[PlyCount "114"]
[EventDate "2008.07.21"]
[EventType "swiss"]
[EventRounds "9"]
[EventCountry "GRE"]
[SourceTitle "CBM 125 Extra"]
[Source "ChessBase"]
[SourceDate "2008.09.01"]
[SourceVersion "1"]
[SourceVersionDate "2008.09.01"]
[SourceQuality "1"]

1. e4 c5 2. Nf3 e6 3. d4 cxd4 4. Nxd4 a6 5. Nc3 Qc7 6. Bd3 b5 7. 0-0 Bb7 8. Qe2 Nc6 9. Nxc6 Qxc6 10. a4 b4 11. Nd5 Nf6 12. c4 bxc3 13. Nxc3 Bb4 14. Bd2 Bxc3 15. Bxc3 Nxe4 16. Bxe4 Qxe4 17. Qxe4 Bxe4 18. f3 Bc6 19. Bxg7 Rg8 20. Bc3 Rb8 21. Kf2 Ke7 22. b4 f6 23. Rfb1 e5 24. Rb2 Ke6 25. b5 axb5 26. Rab1 Rbc8 27. axb5 Bxb5 28. Rxb5 Rxc3 29. g4 Rc2+ 30. Kg3 h5 31. Rb6+ Rc6 32. h3 Rxb6 33. Rxb6+ d6 34. f4 hxg4 35. hxg4 Rc8 36. f5+ Kd5 37. Rb7 Rc3+ 38. Kh4 Rc8 39. Kh5 e4 40. Kg6 Rg8+ 41. Kxf6 Rxg4 42. Rg7 Rf4 43. Re7 Kd4 44. Kg6 e3 45. f6 d5 46. f7 Kd3 47. Re5 d4 48. Rf5 Rxf5 49. Kxf5 e2 50. f8Q e1Q 51. Qh6 Qc3 52. Qh3+ Kd2 53. Qh6+ Kc2 54. Qh2+ Kb1 55. Qg1+ Kb2 56. Ke4 d3 57. Kf3 Qc6+ 0-1